000
00329nam a2200145Ia 4500
008
230216s9999 xx 000 0 und d
020
_a
9788121909204
082
_b
PAN-M
100
_a
PANDY
245
0
_a
MODERN PRACTICAL BOTONY VOL -2.3
250
_a
2ND
260
_a
DJ BOOK DELHI
_b
S.CHAND
300
_a
515
942
_c
BK
999
_c
41486
_d
41486